Rozhledy v chirurgii. Roč. 53, č. 7-12, 1974

Bibliographic Details
Format: Book
Language:Undetermined
Published: Praha Avicenum 1974

MARC

LEADER 00000nam a2200000 a 4500
001 vtls001376278
003 SK-MaSNL
005 20260224200603.0
008 210928s1974 xx 0 und
035 |a SNK000330199 
040 |a SNK  |b slo  |c SNK  |e AACR2 
245 1 |a Rozhledy v chirurgii. Roč. 53, č. 7-12, 1974 
260 |a Praha  |b Avicenum  |c 1974 
958 |a OND 
999 |c 1151939  |d 1153869 
952 |t P60, <06>, [BOOK], {606}  |a SNK  |b SNK  |y PREZ  |7 0  |p 17A0217345  |o snkČC 420/53/2/1974  |0 0  |1 1  |4 0  |d 1999-11-04  |l 0  |r 2005-01-02 00:00:00  |w 2026-02-24